| 000 | 00669nam a2200217 b 4500 | ||
|---|---|---|---|
| 001 | bimo0000860842 | ||
| 003 | OSt | ||
| 005 | 20140829213005.0 | ||
| 008 | 980526s1961 ag | ||| ||spa | ||
| 035 | _a(OCoLC)431453445 | ||
| 040 |
_aSpMaBN _cBMC |
||
| 082 | _a920 Gibbon, Edward | ||
| 100 |
_9450 _aGibbon, Edward _d1737-1794 _xBiografías |
||
| 245 | 1 | 0 |
_aAutobiografía _cEdward Gibbon ; [traducción del inglés Antonio Dorta] |
| 260 |
_aBuenos Aires _bEspasa-Calpe Argentina _c1949 |
||
| 300 |
_a162 p. _c18 cm |
||
| 490 |
_aAustral _v915 |
||
| 600 |
_9458 _aGibbon, Edward _d1737-1794 _xBiografías |
||
| 700 |
_9390 _aDorta, Antonio _d1906-1983 |
||
| 942 |
_2ddc _cBK |
||
| 999 |
_c382 _d382 |
||